Focus sur: Perseus Parkinson - Harry Potter - Statistiques

Statistiques générales
  • Ce quiz a été pris 25 fois
    21 depuis la dernière actualisation
  • Le résultat moyen est 3 sur 5
Statistiques - réponses
Informations recherchées Réponses % Correct
Statut du sang Sang-Pur
89%
Profession Ministre de la Magie
79%
Première mention (site internet) Pottermore
74%
Prédécesseur Damocles Rowle
16%
Successeur Eldritch Diggory
16%
Aucun quiz correspondant
Distribution des résultats
% des personnes avec chaque résultat
Percentile par nombre de réponses
Votre historique - résultats
Vous n’avez pas pris ce quiz depuis la dernière actualisation